Estatísticas para Iron Maiden - Studio Albums

Clique aqui para jogar o quiz

Estatísticas Gerais

  • Esse quiz foi jogado 10 vezes
  • A pontuação média é 12 de 17

Estatísticas das Respostas

AnoNome do álbum% Correto
2000Brave New World
88%
1992Fear of the Dark
88%
1980Iron Maiden
88%
1981Killers
88%
1982The Number of the Beast
88%
1983Piece of Mind
75%
1984Powerslave
75%
1986Somewhere in Time
75%
1998Virtual XI
75%
2003Dance of Death
63%
1990No Prayer for the Dying
63%
2021Senjutsu
63%
1988Seventh Son of a Seventh Son
63%
2015The Book of Souls
63%
2010The Final Frontier
63%
1995The X Factor
63%
2006A Matter of Life and Death
50%

Distribuição das Pontuações

Percentil de Números Respondidos

Porcentagem de Pessoas com Cada Pontuação

Sua Pontuação Histórica

Você não jogou esse quiz